000 00310nam a22001337a 4500
008 170817b xxu||||| |||| 00| 0 eng d
020 _a9781256342236
041 _aeng
080 _a51
100 _a36
101 _aMAT
245 _aA RIGTH TRIANGLE APPROACH PRECALCULUS
_cRATTI.M
942 _2udc
_cBK
999 _c23878
_d23878